Statistics for Yogscast Members Quiz

Click here to take the quiz!

General Stats

  • This quiz has been taken 32 times
    (17 since last reset)
  • The average score is 16 of 26

Answer Stats

Answer % Correct
Lewis
100%
Duncan
100%
Simon
100%
Sjin
94%
Hannah
94%
Sips
88%
Turps
76%
Kim
76%
Tom
71%
Zylus
71%
Ross
65%
Martyn
65%
Zoey
65%
Rythian
65%
Ben
65%
Trott
65%
Smith
65%
Bouphe
59%
Harry
41%
Caff
41%
Pyrion Flax
41%
Radders
29%
Nilesy
18%
ISP
12%
HeyChrissa
0%
ThatMadCat
0%

Score Distribution

Percentile by Number Answered

Percent of People with Each Score

Your Score History

You have not taken this quiz since the last reset